The european dictatorships 1918-1945
Guardat en:
| Autor principal: | |
|---|---|
| Format: | Llibre |
| Idioma: | anglès |
| Publicat: |
Londres
Routledge
1987
|
| Matèries: | |
| Etiquetes: |
Afegir etiqueta
Sense etiquetes, Sigues el primer a etiquetar aquest registre!
|
MARC
| LEADER | 00000nam a2200000 a 4500 | ||
|---|---|---|---|
| 001 | UCT5146 | ||
| 003 | CL-VaPUC | ||
| 008 | 961129e19870000UK |||||||||||||||||eng|d | ||
| 082 | 0 | 4 | |a 321.9 |b LEE |2 21 |
| 100 | 0 | |a Lee, Stephen J |e author |9 374448 | |
| 245 | 1 | 4 | |a The european dictatorships 1918-1945 |
| 300 | |a 343 p | ||
| 942 | |c BK | ||
| 945 | |d 19961129 00:00:00 |a nastorga | ||
| 260 | |a Londres |b Routledge |c 1987 | ||
| 600 | 0 | 7 | |a STALIN, JOSEPH |2 CL-VaPUC |9 313919 |
| 600 | 0 | |a Mussolini, Benito, |d 1883-1945 |9 315529 | |
| 600 | 0 | |a Lenin, Vladimir Ilich |d 1870-1924 |9 319799 | |
| 600 | 0 | 7 | |a HITLER, ADOLF |2 CL-VaPUC |9 314510 |
| 650 | 0 | |a Dictadura |9 341206 | |
| 650 | 0 | |a Autoritarismo |9 295297 | |
| 650 | 0 | |a Guerra |9 255876 | |
| 650 | 0 | |a Paz |9 259242 | |
| 650 | 0 | |a Democracia |9 255256 | |
| 650 | 0 | |a Economía |9 255568 | |
| 651 | 0 | |a Rusia |9 256106 | |
| 651 | 0 | |a Italia |9 254949 | |
| 651 | 0 | |a Alemania |9 255688 | |
| 651 | 0 | |a España |9 254926 | |
| 651 | 7 | |a PORTUGAL |2 CL-VaPUC |9 255007 | |
| 583 | |a last modification |c 19961129 00:00:00 |k Rodrigo Vera | ||
| 999 | |c 254157 |d 254155 | ||
| 952 | |0 0 |1 0 |4 0 |6 321_900000000000000_LEE_1987 |7 0 |8 A |9 275613 |a BIBHIS |b BIBHIS |d 2019-11-19 |i 3255182 |o 321.9 LEE 1987 |p 3255182 |r 2025-01-20 |w 2019-11-19 |y BK |k HIS | ||
| 952 | |0 0 |1 0 |4 0 |6 321_900000000000000_LEE_1987 |7 0 |8 A |9 275614 |a BIBHIS |b BIBHIS |d 2019-11-19 |i 3743721 |o 321.9 LEE 1987 |p 3743721 |r 2025-01-20 |w 2019-11-19 |y BK |k HIS | ||